| 000 | 00516nam a22001937a 4500 | ||
|---|---|---|---|
| 003 | CEME | ||
| 005 | 20210628205455.0 | ||
| 008 | 210127b xxu||||| |||| 00| 0 eng d | ||
| 020 | _a0-13-398116-9 | ||
| 040 | _c. | ||
| 082 | _a620.1 SHA | ||
| 100 |
_aShames, Irving H _93078 |
||
| 245 | _aEngineering mechanics - statics and dynamicsS | ||
| 250 | _a4TH | ||
| 260 |
_aNEW JERSEY _bPRENTICE HALL _c1997 |
||
| 300 | _aXIII,1009P | ||
| 650 |
_aENGINEERING MECHANICS:STATICS AND DYNAMICS _963421 |
||
| 942 |
_cBK _2ddc |
||
| 999 |
_c581108 _d581108 |
||